00999cam a2200265 a 45000010009000000050017000090080041000260100017000670400018000840500022001020820016001241000039001402450083001792500022002622600037002843000021003215000034003425040051003766000040004276500041004676500040005089420012005489990017005609520156005771267739020060721180756.0020212s1963 nyu |db 001 0deng d a 2002522686 aDLCcDLCdDLC00aDD247.E5bA7 1965 a341.41bARE1 aArendt, Hannah,d1906-1975.91050910aEichmann in Jerusalem :bA Report on the Banality of Evil /cBy Hannah Arendt. aRev. and enl. ed. aNew York :bViking Presscc1963. a275 p. :c20 cm. aDonated by Alla Abd El Ghany. aIncludes bibliographical references and index.10aEichmann, Adolf,d1906-1962.910510 0aHolocaust, Jewish (1939-1945)910511 0aWar crime trialszJerusalem.910512 2ddccBB c13170d13170 00102ddc40708Donation-GaMAINbMAINc1STd2010-01-20eDonationl0o341.41 AREp000019712r2025-07-15 00:00:00yBBzDonated by: Alaa Abd El- Ghaney